[Event "San Sebastian op 30th"]
[Site "San Sebastian"]
[Date "2007.04.02"]
[Round "2"]
[White "Fogel, Pierre"]
[Black "Spraggett, Kevin"]
[Result "1/2-1/2"]
[WhiteElo "2171"]
[BlackElo "2631"]
[PlyCount "69"]
[EventDate "2007.04.01"]
[EventType "swiss"]
[EventRounds "9"]
[EventCountry "ESP"]
[SourceTitle "CBM 117 Extra"]
[Source "ChessBase"]
[SourceDate "2007.05.09"]
[SourceVersion "1"]
[SourceVersionDate "2007.05.09"]
[SourceQuality "1"]

1. d4 Nf6 2. c4 e6 3. Nf3 b6 4. g3 Bb7 5. Bg2 Bb4+ 6. Bd2 Be7 7. 0-0 0-0 8. Nc3 Na6 9. Bf4 d5 10. Ne5 c5 11. dxc5 Nxc5 12. cxd5 exd5 13. Be3 Re8 14. Bd4 Ne6 15. Nf3 Ne4 16. Rc1 Rc8 17. Qd3 a6 18. Rfd1 b5 19. Be3 Nxc3 20. Rxc3 Bf6 21. Rxc8 Qxc8 22. Bd4 Nxd4 23. Nxd4 Bxd4 24. Qxd4 Rxe2 25. Bxd5 Bxd5 26. Qxd5 g6 27. Qd8+ Qxd8 28. Rxd8+ Kg7 29. Ra8 Rxb2 30. Rxa6 h5 31. h4 b4 32. Kg2 b3 33. axb3 Rxb3 34. Rc6 Rb2 35. Kf3 1/2-1/2

[Event "Gibraltar Masters"]
[Site "Gibraltar"]
[Date "2007.02.01"]
[Round "9"]
[White "Fogel, Pierre"]
[Black "Benaddi, Mouhcine"]
[Result "1/2-1/2"]
[WhiteElo "2193"]
[BlackElo "2084"]
[PlyCount "123"]
[EventDate "2007.01.23"]
[EventType "swiss"]
[EventRounds "9"]
[EventCountry "ENG"]
[SourceTitle "CBM 116 Extra"]
[Source "ChessBase"]
[SourceDate "2007.03.07"]
[SourceVersion "1"]
[SourceVersionDate "2007.03.07"]
[SourceQuality "1"]

1. d4 Nf6 2. c4 g6 3. Nc3 Bg7 4. e4 d6 5. Nf3 0-0 6. Be2 e5 7. Be3 Na6 8. 0-0 Ng4 9. Bg5 f6 10. Bh4 Qe7 11. h3 Nh6 12. Re1 c6 13. Bf1 Nf7 14. a3 Kh8 15. b4 g5 16. Bg3 g4 17. hxg4 Bxg4 18. Be2 Rad8 19. Nh4 Bc8 20. Bg4 Bxg4 21. Qxg4 Nh6 22. Qh3 Nc7 23. d5 Qf7 24. Nf5 Nxf5 25. Qxf5 Qg6 26. Qxg6 hxg6 27. Rad1 cxd5 28. cxd5 f5 29. f3 Bh6 30. Bf2 b6 31. Be3 Bxe3+ 32. Rxe3 Rc8 33. Ree1 a6 34. Na4 Na8 35. Rc1 b5 36. Nb2 Nb6 37. Red1 Rxc1 38. Rxc1 Rc8 39. Rc6 Rxc6 40. dxc6 Kg7 41. c7 Kf7 42. a4 Ke7 43. axb5 axb5 44. Nd1 Kd7 45. Nc3 Kxc7 46. Nxb5+ Kc6 47. Na7+ Kd7 48. Kf2 d5 49. exf5 gxf5 50. f4 e4 51. Nb5 Ke6 52. Nd4+ Kf6 53. b5 Nc4 54. Kg3 Nd6 55. b6 Ke7 56. Kh4 Kd7 57. g4 fxg4 58. Kxg4 Kc8 59. f5 Kb7 60. Kf4 Nf7 61. Ne2 Kxb6 62. Nc3 1/2-1/2

[Event "Gibraltar Masters"]
[Site "Gibraltar"]
[Date "2007.01.27"]
[Round "5"]
[White "Fogel, Pierre"]
[Black "Greet, Andrew"]
[Result "0-1"]
[WhiteElo "2193"]
[BlackElo "2425"]
[PlyCount "98"]
[EventDate "2007.01.23"]
[EventType "swiss"]
[EventRounds "9"]
[EventCountry "ENG"]
[SourceTitle "CBM 116 Extra"]
[Source "ChessBase"]
[SourceDate "2007.03.07"]
[SourceVersion "1"]
[SourceVersionDate "2007.03.07"]
[SourceQuality "1"]

1. d4 Nf6 2. c4 e6 3. Nc3 Bb4 4. g3 c5 5. Nf3 Nc6 6. Bg2 Ne4 7. Qd3 cxd4 8. Nxd4 Nxc3 9. bxc3 Ne5 10. Qc2 Be7 11. Qb3 d6 12. f4 Nd7 13. 0-0 0-0 14. Ba3 Qc7 15. Rfd1 Nc5 16. Qc2 Bd7 17. Nb5 Bxb5 18. cxb5 Rac8 19. c4 Qb6 20. Kh1 Bf6 21. Rac1 g6 22. Qd2 Rfd8 23. Bb4 Qc7 24. Ba5 b6 25. Bb4 Qd7 26. Qe3 Rc7 27. Bf3 Qc8 28. Kg2 a6 29. bxa6 Qxa6 30. a3 Nb7 31. Rd3 Rcd7 32. h4 Na5 33. Qe4 d5 34. cxd5 exd5 35. Qe3 Nc4 36. Qg1 d4 37. h5 Nb2 38. Rd2 d3 39. exd3 Rxd3 40. Rxd3 Nxd3 41. Rd1 Rc8 42. hxg6 Rc2+ 43. Bd2 hxg6 44. Qe3 Nb2 45. Rh1 Kg7 46. f5 Qd3 47. Qxd3 Nxd3 48. Rd1 gxf5 49. Kf1 Nb2 0-1

[Event "Gibraltar Masters"]
[Site "Gibraltar"]
[Date "2007.01.26"]
[Round "4"]
[White "Paehtz, Elisabeth"]
[Black "Fogel, Pierre"]
[Result "1-0"]
[WhiteElo "2451"]
[BlackElo "2193"]
[PlyCount "77"]
[EventDate "2007.01.23"]
[EventType "swiss"]
[EventRounds "9"]
[EventCountry "ENG"]
[SourceTitle "CBM 116 Extra"]
[Source "ChessBase"]
[SourceDate "2007.03.07"]
[SourceVersion "1"]
[SourceVersionDate "2007.03.07"]
[SourceQuality "1"]

1. e4 c5 2. Nf3 d6 3. d4 cxd4 4. Nxd4 Nf6 5. Nc3 a6 6. f4 e5 7. Nf3 Qc7 8. a4 Be7 9. Bd3 0-0 10. 0-0 Nbd7 11. Kh1 exf4 12. Bxf4 Ne5 13. Qe1 Be6 14. Rd1 Rfe8 15. Qf2 Nc4 16. Bxc4 Bxc4 17. Rfe1 b5 18. h3 b4 19. Nb1 b3 20. Rc1 Qa5 21. Nc3 bxc2 22. Rxc2 d5 23. e5 Ne4 24. Nxe4 dxe4 25. Rxc4 exf3 26. gxf3 h6 27. Bd2 Qd5 28. Rce4 Bc5 29. Qg2 Re6 30. Rg4 Bf8 31. Bc3 Rd8 32. Rg1 g6 33. Re4 Qb3 34. f4 Rd1 35. f5 Rxg1+ 36. Kxg1 Rb6 37. e6 Bc5+ 38. Kh2 Bd6+ 39. Kh1 1-0

[Event "Gibraltar Masters"]
[Site "Gibraltar"]
[Date "2007.01.24"]
[Round "2"]
[White "Spraggett, Kevin"]
[Black "Fogel, Pierre"]
[Result "0-1"]
[WhiteElo "2633"]
[BlackElo "2193"]
[PlyCount "66"]
[EventDate "2007.01.23"]
[EventType "swiss"]
[EventRounds "9"]
[EventCountry "ENG"]
[SourceTitle "CBM 116 Extra"]
[Source "ChessBase"]
[SourceDate "2007.03.07"]
[SourceVersion "1"]
[SourceVersionDate "2007.03.07"]
[SourceQuality "1"]

1. e4 c5 2. Nf3 d6 3. d4 cxd4 4. Nxd4 Nf6 5. Nc3 a6 6. Bg5 e6 7. f4 Be7 8. Qf3 Qc7 9. 0-0-0 Nbd7 10. g4 b5 11. Bxf6 Nxf6 12. g5 Nd7 13. f5 Bxg5+ 14. Kb1 Ne5 15. Qh5 Qe7 16. Nxe6 Bxe6 17. fxe6 g6 18. exf7+ Kxf7 19. Qh3 Kg7 20. Nd5 Qd8 21. Qc3 h5 22. Rg1 Kh7 23. Be2 Bh6 24. Rg2 Rf8 25. Rdg1 Rf7 26. Qd4 Bg7 27. Qd1 Qh4 28. a3 Rf2 29. Rxf2 Qxf2 30. Nc7 Rc8 31. Nxa6 Nc4 32. Bxh5 Ne3 33. Bxg6+ Kg8 0-1

[Event "Ostrava Konik op-A"]
[Site "Ostrava"]
[Date "2007.??.??"]
[Round "7"]
[White "Fogel, Pierre"]
[Black "Kubeczka, Ales"]
[Result "1-0"]
[WhiteElo "2170"]
[BlackElo "1965"]
[PlyCount "37"]
[EventDate "2007.05.??"]
[EventType "swiss"]
[EventRounds "9"]
[EventCountry "CZE"]
[SourceTitle "EXT 2010"]
[Source "ChessBase"]
[SourceDate "2010.11.25"]
[SourceVersion "1"]
[SourceVersionDate "2010.11.25"]
[SourceQuality "1"]

1. d4 d5 2. c4 e6 3. Nc3 Nf6 4. Nf3 Nbd7 5. cxd5 exd5 6. Bg5 c6 7. e3 Bd6 8. Bd3 Nf8 9. Qc2 Ne6 10. Bh4 Bd7 11. Ne5 g5 12. Bg3 Qe7 13. 0-0-0 Rc8 14. Kb1 b5 15. Nxd7 Qxd7 16. Bxd6 Qxd6 17. Nxb5 Qd7 18. Nc3 0-0 19. g4 1-0

[Event "Ostrava Konik op-A"]
[Site "Ostrava"]
[Date "2007.??.??"]
[Round "5"]
[White "Fogel, Pierre"]
[Black "Vratny, Radim"]
[Result "1/2-1/2"]
[WhiteElo "2170"]
[BlackElo "2210"]
[PlyCount "154"]
[EventDate "2007.05.??"]
[EventType "swiss"]
[EventRounds "9"]
[EventCountry "CZE"]
[SourceTitle "EXT 2010"]
[Source "ChessBase"]
[SourceDate "2010.11.25"]
[SourceVersion "1"]
[SourceVersionDate "2010.11.25"]
[SourceQuality "1"]

1. d4 Nf6 2. c4 c5 3. d5 b5 4. cxb5 a6 5. b6 d6 6. Nc3 g6 7. e4 Bg7 8. Nf3 Nbd7 9. Be2 0-0 10. 0-0 Qxb6 11. Nd2 Qc7 12. a4 Rb8 13. a5 Qb7 14. Nc4 Ne8 15. Bg5 Ne5 16. Nb6 h6 17. Bh4 Nf6 18. f4 Ned7 19. Nc4 Qc7 20. Kh1 Rb4 21. Qd2 Re8 22. Rfe1 Nh7 23. Bg3 Nhf6 24. Rac1 Nf8 25. e5 Nh5 26. Bxh5 Rxc4 27. exd6 Qxd6 28. f5 Qd8 29. fxg6 fxg6 30. Bf3 Qxa5 31. Be5 Bd7 32. Be2 Rb4 33. Bxg7 Kxg7 34. Ra1 Qb6 35. Rxa6 Rxb2 36. Qe3 Qc7 37. Bd3 Rb6 38. Ra5 e6 39. Rxc5 Qd6 40. Qd4+ e5 41. Qc4 Qb8 42. Be4 Rc8 43. h3 Rxc5 44. Qxc5 Qd6 45. Qe3 Rb3 46. Rf1 Nh7 47. Bc2 Ra3 48. Qe1 Nf6 49. Ne4 Nxe4 50. Bxe4 Be8 51. Qf2 Ra4 52. Qf3 Ra7 53. Qc3 Rc7 54. Qd3 Bf7 55. Rd1 Be8 56. Qd2 Rc4 57. Qe2 Rc7 58. Qe3 Rf7 59. Rb1 Qf6 60. Rb6 Qf1+ 61. Kh2 Qf4+ 62. Qxf4 Rxf4 63. Bf3 Bf7 64. Kg3 Rd4 65. Kf2 Bxd5 66. Bxd5 Rxd5 67. Ke3 h5 68. h4 Ra5 69. Ke4 Ra2 70. Kxe5 Rxg2 71. Rb7+ Kh6 72. Rb4 Rf2 73. Rd4 Rf5+ 74. Ke4 Kg7 75. Rd7+ Rf7 76. Rd6 Re7+ 77. Kf4 Kf7 1/2-1/2

[Event "Ostrava Konik op-A"]
[Site "Ostrava"]
[Date "2007.??.??"]
[Round "8"]
[White "Krasenkova, Ilena"]
[Black "Fogel, Pierre"]
[Result "1/2-1/2"]
[WhiteElo "2215"]
[BlackElo "2170"]
[PlyCount "105"]
[EventDate "2007.05.??"]
[EventType "swiss"]
[EventRounds "9"]
[EventCountry "CZE"]
[SourceTitle "EXT 2010"]
[Source "ChessBase"]
[SourceDate "2010.11.25"]
[SourceVersion "1"]
[SourceVersionDate "2010.11.25"]
[SourceQuality "1"]

1. d4 d5 2. c4 e6 3. Nf3 Nf6 4. g3 Be7 5. Bg2 0-0 6. 0-0 c6 7. Qc2 Nbd7 8. Nbd2 b6 9. e4 Bb7 10. e5 Ne8 11. b3 Rc8 12. Bb2 c5 13. dxc5 Nxc5 14. Rad1 Qc7 15. Qb1 dxc4 16. bxc4 Qb8 17. Ba3 Qa8 18. Ne1 Bxg2 19. Nxg2 Nc7 20. Bxc5 Bxc5 21. Ne4 Be7 22. Rd7 Rfe8 23. Nd6 Bxd6 24. exd6 Na6 25. Rxf7 Kxf7 26. d7 Kg8 27. dxe8Q+ Rxe8 28. Nf4 Qc6 29. Rd1 Nc5 30. h4 e5 31. Nd5 e4 32. Qb5 Qxb5 33. cxb5 Kf7 34. Kf1 Rd8 35. Ke2 Rd7 36. Ke3 Ke6 37. Nf4+ Ke5 38. Rxd7 Nxd7 39. Ne2 Nf6 40. f4+ exf3 41. Kxf3 Nd5 42. g4 Nb4 43. Nc3 Kd4 44. Ne4 Nxa2 45. Ng5 Nc3 46. Nxh7 Nxb5 47. Nf8 a5 48. Ne6+ Ke5 49. Nxg7 a4 50. h5 a3 51. h6 a2 52. h7 a1Q 53. h8Q 1/2-1/2